Theoxenía y Theandría: La Lyrica de Píndaro

Gespeichert in:
Bibliographische Detailangaben
1. Verfasser: Disandro, Carlos A.
Format: Buch
Sprache:Undetermined
Veröffentlicht: La Plata, Argentina DECUS 1997
Schlagworte:
Tags: Tag hinzufügen
Keine Tags, Fügen Sie den ersten Tag hinzu!

MARC

LEADER 00000nam a2200000Ia 4500
008 170316s9999 xx 000 0 und d
040 |a cru BVZT 
090 |a 880 D-2t 
100 |a Disandro, Carlos A. 
245 |a Theoxenía y Theandría: La Lyrica de Píndaro 
260 |a La Plata, Argentina 
260 |b DECUS 
260 |c 1997 
300 |a 243 páginas 
650 |a LITERATURA GRIEGA 
999 |c 11862  |d 11862 
942 |c 15 D  |h 880 D-2t  |2 z